Retórica y estado de derecho: una teoría del razonamiento jurídico

Uloženo v:
Podrobná bibliografie
Hlavní autor: MacCormick, Neil (autor)
Médium: Kniha
Jazyk:španělština
Vydáno: Lima Palestra 2016
Vydání:1a. ed
Edice:Derecho y Argumentación, 5
Témata:
Tagy: Přidat tag
Žádné tagy, Buďte první, kdo vytvoří štítek k tomuto záznamu!

MARC

LEADER 00000cam a2200000 a 4500
001 UCD5338
003 CL-VaPUC
008 160902e20160000pe |||||||||||||||||spa|d
020 |a 9786124218569 
082 0 4 |a 340.115  |b MAC  |2 21 
100 |a MacCormick, Neil  |e autor  |9 393582 
245 1 0 |a Retórica y estado de derecho: una teoría del razonamiento jurídico 
250 |a 1a. ed 
300 |a 466 p 
942 |c BK 
945 |d 20160902 15:38:00  |a dcastane 
260 |a Lima  |b Palestra  |c 2016 
650 0 |a Derecho y política  |9 257017 
650 0 |a Filosofía del derecho   |9 255050 
650 0 |a Argumentación   |9 257103 
583 |a last modification  |c 20160902 15:38:00  |k Rodrigo Vera 
490 0 |a Derecho y Argumentación, 5 
999 |c 366056  |d 366054 
952 |0 0  |1 0  |3 erb  |4 0  |6 340_115000000000000_MAC_2016  |7 0  |8 A  |9 480082  |a BIBDER  |b BIBDER  |i 5339952  |l 1  |m 4  |o 340.115 MAC 2016  |p 5339952  |q 2025-12-31  |r 2020-03-16  |s 2020-03-16  |w 2019-11-24  |y BK  |z Catalogado en:20160902  |k DER